Random Facts Quiz... Round 2 - Statistics

General Stats
  • This quiz has been taken 18 times
  • The average score is 5 of 15
Answer Stats
Question Answer % Correct
With which sport would you associate Lewis Hamilton and Sebastian Vettel? Formula 1 Racing
47%
What is the deepest-known point in the world's ocean? Mariana Trench
47%
In which film/movie would you find the characters Hamm, Rex and Slinky Dog? Toy Story
47%
In which modern day country can you find the ruins of the ancient city of Babylon? Iraq
40%
What common animal species has the scientific name of Panthera leo? Lion
40%
Which sports company releases trainer/sneaker models such as Superstar and Stan Smith? Adidas Originals
33%
What is the capital city is Albania? Tirana
33%
What was the name of the main 'bad-guy' or protagonist in the 'Sonic the Hedgehog' series? Doctor Eggman
27%
Which team won their first ever Premier League title in 2016, despite having 5000/1 odds to do so? Leicester City
27%
What is the smallest country in the world in area, outside mainland Europe? Nauru
27%
Which famous battle started on 1st July 1916, ending 141 days later? Battle of the Somme
20%
Write out the order of the strings on a guitar, top to bottom. E.g ABYZ EADGBE
20%
What is the highest selling game ever on the Playstation 3 platform? GTA V
20%
Which company developed this game? Rockstar
20%
What is the national animal of Brazil? Jaguar
13%
No matching quizzes found
Score Distribution
Percent of People with Each Score
Percentile by Number Answered
Your Score History
You have not taken this quiz